00811nam a22002297a 450000500170000001000130001702000230003003500130005303700160006604000120008208200130009424501050010724600060021226000590021827000570027730000290033465000230036365000300038694200220041699900190043895201240045720170124110255.0 aA-705168 c150.00a0074621068 aA-705168 bCen Lib/Ret aDPLbEN a620bMOD aModel solution to IIT entrance examination papers 1990-1994bwith question bank and screening test / b  aNew Delhi bTata McGraw-Hill Publishing Company c1993 bNew Delhi a4/12 Asaf Ali Road, Dariyaganj e110002 avariou paings c21cm(Hb) aEngineering 97671 aIIT entrance book 999805 2ddccENh620mMOD c136150d136150 00104070aLbLd2015-12-21eCen Lib/Retg150.00l0o620 MODpA-705168r2015-12-21 00:00:00t1v150.00w2015-12-21yEN